Análisis descriptivo de la encuesta de opinión sobre las asignaturas del plan de estudios generales
Saved in:
| Main Authors: | , |
|---|---|
| Format: | Bog |
| Sprog: | spansk |
| Udgivet: |
Valparaíso
Universidad Católica de Valparaíso
1996
|
| Fag: | |
| Tags: |
Tilføj Tag
Ingen Tags, Vær først til at tagge denne postø!
|
MARC
| LEADER | 00000nam a2200000 a 4500 | ||
|---|---|---|---|
| 001 | UCP7158 | ||
| 003 | CL-VaPUC | ||
| 008 | 991203e19960000CL |||||||||||||||||spa|d | ||
| 082 | 0 | 4 | |a 519.5 |b ITU |2 21 |
| 100 | |a Iturrieta Serra, Paz |e author |9 848468 | ||
| 700 | 0 | |a Tapia T., Anita |e author |9 436575 | |
| 245 | 1 | 0 | |a Análisis descriptivo de la encuesta de opinión sobre las asignaturas del plan de estudios generales |
| 300 | |a 28 h | ||
| 942 | |c BK | ||
| 945 | |d 19991203 00:00:00 |a rbrito | ||
| 260 | |a Valparaíso |b Universidad Católica de Valparaíso |c 1996 | ||
| 500 | |a Taller de Estadística, Prof. guía: Inés Guerrero Santana | ||
| 650 | 0 | |a Análisis estadístico |9 269506 | |
| 650 | 0 | |a Estadística matemática |9 260028 | |
| 650 | 0 | |a Educación superior |9 223851 | |
| 650 | 0 | |a Currículo |9 307290 | |
| 583 | |a last modification |c 20130403 01:30:28 |k Rodrigo Vera | ||
| 999 | |c 284473 |d 284471 | ||
| 952 | |0 0 |1 2 |4 0 |6 519_500000000000000_ITU_1996 |7 0 |8 F |9 328536 |a BIBGIM |b BIBGIM |d 2019-11-20 |i 3572897 |o 519.5 ITU 1996 |p 3572897 |r 2019-11-20 |w 2019-11-20 |y BK_F |k EST | ||